Quantitative zoology /

Bibliographic Details
Main Author: Simpson, George Gaylord, 1902-1984
Format: Book
Language:English
Published: New York : Harcourt, Brace, [1960]
Edition:Rev. ed.
Subjects:

MARC

Tag First Indicator Second Indicator Subfields
LEADER 00000cam a2200000 4500
001 in00000049722
005 20151007073727.0
008 730201s1960 nyua b 00010 eng u
010 |a  59006483  
035 |a (OCoLC)00550813 
035 |9 AAF0264AM 
040 |c WSU  |d TXA  |d UtOrBLW 
049 |a TXAM  |c [327646] 
050 0 |a QL58  |b .S55 1960 
092 |a 591.0151  |b S613q, 1960 
100 1 |a Simpson, George Gaylord,  |d 1902-1984. 
245 1 0 |a Quantitative zoology /  |c [by] George Gaylord Simpson, Anne Roe [and] Richard C. Lewontin. 
250 |a Rev. ed. 
264 1 |a New York :  |b Harcourt, Brace,  |c [1960] 
300 |a 440 pages :  |b illustrations ;  |c 22 cm. 
336 |a text  |b txt  |2 rdacontent 
337 |a unmediated  |b n  |2 rdamedia 
338 |a volume  |b nc  |2 rdacarrier 
504 |a Includes bibliography. 
650 0 |a Zoology. 
650 0 |a Biomathematics. 
999 |a MARS 
999 f f |s 70f61ec4-723e-3041-92ef-14ad3bd7eead  |i 663905e7-e59a-348e-bc40-fcc82ece5441  |t 0 
952 f f |p ric  |a Texas A&M University  |b Rellis Campus  |c Joint Library Facility  |d Remote Storage  |t 0  |e QL58 .S55 1960  |h Library of Congress classification  |i unmediated -- volume  |m A14801005181 
998 f f |a QL58 .S55 1960  |t 0  |l Remote Storage